Films en images - E - Statistiques

Statistiques générales
  • Ce quiz a été pris 394 fois
  • Le résultat moyen est 5 sur 16
Statistiques - réponses
Par images Réponse % Correct
E.T. l'Extra-Terrestre
98%
Les Evadés
70%
Epouse moi mon pote
64%
L'Exorciste
64%
Everest
58%
Elephant Man
50%
Edge of Tomorrow
36%
Esther
33%
Easy A
20%
L'Enquête Corse
14%
Les Enfants de Timpelbach
10%
Everything Everything
9%
L'Ecole fantastique
4%
L'Etudiante et Monsieur Henri
3%
Elle l'adore
2%
Elle s'appelait Sarah
2%
Aucun quiz correspondant
Distribution des résultats
% des personnes avec chaque résultat
Percentile par nombre de réponses
Votre historique - résultats
Vous n’avez pas pris ce quiz